Financial stability in the Eurozone diplomová práca

Na minha lista:
Detalhes bibliográficos
Autor principal: Griač, Michal
Autor Corporativo: Národohospodárska fakulta EU. Katedra financií
Outros Autores: Káčer, Marek, 1976-
Formato: Livro
Idioma:inglês
Publicado em: Bratislava 2017
Tags: Adicionar Tag
Sem tags, seja o primeiro a adicionar uma tag!

MARC

LEADER 00000nbm a2200000 4500
001 0231845
005 20240913101201.1
041 0 |a eng 
044 |a SK 
245 1 0 |a Financial stability in the Eurozone  |b diplomová práca  |c Michal Griač ; školiteľ: Marek Káčer 
264 1 |a Bratislava  |c 2017 
300 |a 35 s. 
100 1 |a Griač, Michal 
700 1 |a Káčer, Marek, 1976- 
710 2 |a Národohospodárska fakulta EU. Katedra financií